[Event "AUTO-ADV-577"]
[Site "http://www.queenalice.com/game.php?id=299150"]
[Date "2007.11.6"]
[Round "2"]
[White "giancarlo"]
[Black "Tweetie"]
[Result "0-1"]
[WhiteElo "1716"]
[BlackElo "1823"]

1. e4 e6 2. d4 d5 3. exd5 exd5 4. Nf3 Nf6 5. Nc3 Bb4 6. Bd2 O-O 7. Bd3 Re8+ 8.
Ne2 c5 9. O-O Bxd2 10. Bb5 Ba5 11. Bxe8 Qxe8 12. a3 c4 13. b4 Bc7 14. Qd2 a6 15.
Rfe1 Qf8 16. Nc3 Nc6 17. Qg5 h6 18. Qd2 Bf5 19. Ne5 Ne4 20. Nxe4 Bxe4 21. f3 Bf5
22. Rad1 Ne7 0-1

[Event "AUTO-ADV-577"]
[Site "http://www.queenalice.com/game.php?id=299155"]
[Date "2007.11.6"]
[Round "2"]
[White "giancarlo"]
[Black "Rutty"]
[Result "0-1"]
[WhiteElo "1831"]
[BlackElo "1837"]

1. e4 c5 2. Nf3 Nc6 3. d4 cxd4 4. Nxd4 d6 5. Nc3 Bd7 6. Be3 g6 7. Bc4 Bg7 8.
Nce2 Nf6 9. f3 O-O 10. Qd2 a6 11. O-O-O b5 12. Bd3 d5 13. Nxc6 Bxc6 14. e5 Nd7
15. f4 e6 16. h4 h5 0-1

[Event "AUTO-ADV-577"]
[Site "http://www.queenalice.com/game.php?id=299156"]
[Date "2007.11.6"]
[Round "2"]
[White "Rutty"]
[Black "giancarlo"]
[Result "1-0"]
[WhiteElo "1842"]
[BlackElo "1815"]

1. e4 c5 2. Nf3 Nf6 3. e5 Nd5 4. Bc4 e6 5. O-O Nc6 6. c3 Nb6 7. Bb3 Be7 8. d4
cxd4 9. cxd4 d5 10. Nc3 Na5 11. Bc2 f6 12. Bf4 fxe5 13. Bxe5 O-O 14. b3 Nc6 15.
Qd3 g6 16. a3 Bd6 17. Bxd6 1-0

[Event "AUTO-ADV-577"]
[Site "http://www.queenalice.com/game.php?id=299157"]
[Date "2007.11.6"]
[Round "2"]
[White "giancarlo"]
[Black "Marchess"]
[Result "0-1"]
[WhiteElo "1800"]
[BlackElo "2064"]

1. e4 e5 2. Bc4 Nf6 3. d3 Be7 4. Nf3 h6 5. Nxe5 O-O 6. Ng6 Re8 7. Nxe7+ Qxe7 8.
O-O d6 9. f4 Nc6 10. Nc3 Bg4 11. Qe1 Na5 12. Bb3 Nxb3 13. axb3 a6 14. Qg3 Bd7
15. f5 Kh8 0-1

[Event "AUTO-ADV-577"]
[Site "http://www.queenalice.com/game.php?id=299158"]
[Date "2007.11.6"]
[Round "2"]
[White "Marchess"]
[Black "giancarlo"]
[Result "1-0"]
[WhiteElo "2069"]
[BlackElo "1795"]

1. e4 c5 2. Nf3 d6 3. d4 cxd4 4. Nxd4 Nf6 5. Nc3 Bd7 6. Be3 g6 7. Be2 Bg7 8. Qd2
Nc6 9. f3 h5 10. Nb3 a6 11. a3 h4 12. O-O-O b5 13. Nd5 Nxd5 14. Qxd5 Rc8 15. Nd4
1-0

[Event "AUTO-INT-525"]
[Site "http://www.queenalice.com/game.php?id=307796"]
[Date "2007.11.21"]
[Round "2"]
[White "giancarlo"]
[Black "APRENDIZ001"]
[Result "1-0"]
[WhiteElo "1758"]
[BlackElo "1842"]

1. e4 e5 2. Bc4 Nf6 3. Nf3 Nc6 4. Ng5 d5 5. exd5 Na5 6. Bb5+ c6 7. dxc6 bxc6 8.
Ba4 Bc5 9. c3 Qb6 10. O-O Ng4 11. Qf3 Bxf2+ 12. Rxf2 f5 13. b4 e4 14. Nxe4 Nxf2
15. Nxf2 Nb7 16. Bxc6+ Ke7 17. d4 h6 18. Bf4 a5 19. Nd2 axb4 20. Re1+ Kf6 21.
Be5+ Kg6 22. Qg3+ Kf7 23. Qxg7+ Ke6 24. d5# 1-0

[Event "AUTO-INT-525"]
[Site "http://www.queenalice.com/game.php?id=307797"]
[Date "2007.11.21"]
[Round "2"]
[White "APRENDIZ001"]
[Black "giancarlo"]
[Result "1-0"]
[WhiteElo "1809"]
[BlackElo "1643"]

1. c4 g6 2. Nc3 Bg7 3. g3 Nf6 4. Bg2 O-O 5. d4 c6 6. Nf3 e6 7. O-O d5 8. c5 b5
9. Ne5 Bb7 10. Bg5 Qc7 11. b4 Nbd7 12. Nd3 a5 13. a3 Ra7 14. Re1 Rfa8 15. Qc2
Nb8 16. Ne5 axb4 17. Nb1 bxa3 18. Qb3 Ne8 19. Bf4 Qa5 20. Rd1 b4 21. Rd2 Nf6 22.
Rda2 Ba6 23. Bf3 Nbd7 24. Nd2 Bb5 25. e4 Nxe5 26. Bxe5 Nxe4 27. Nxe4 Bc4 28. Qe3
Bxa2 29. Rxa2 dxe4 30. Bxe4 Bxe5 31. dxe5 Qb5 32. h4 b3 33. Ra1 a2 34. Bd3 Qb4
35. h5 b2 36. hxg6 1-0

[Event "AUTO-INT-525"]
[Site "http://www.queenalice.com/game.php?id=307798"]
[Date "2007.11.21"]
[Round "2"]
[White "giancarlo"]
[Black "lucianoso"]
[Result "0-1"]
[WhiteElo "1656"]
[BlackElo "1880"]

1. e4 e5 2. Bc4 Nf6 3. Nf3 d5 4. exd5 Bg4 5. h3 Bh5 6. g4 Bg6 7. Nxe5 Nxd5 8.
Qf3 c6 9. Nc3 Qe7 10. Bxd5 Qxe5+ 11. Be4 Bxe4 12. Qxe4 Bd6 13. d4 Qxe4+ 14. Nxe4
O-O 15. Nxd6 b6 16. Bf4 c5 0-1

[Event "AUTO-INT-525"]
[Site "http://www.queenalice.com/game.php?id=307799"]
[Date "2007.11.21"]
[Round "2"]
[White "lucianoso"]
[Black "giancarlo"]
[Result "1-0"]
[WhiteElo "1887"]
[BlackElo "1649"]

1. c4 g6 2. Nc3 Bg7 3. Nf3 Nf6 4. g3 O-O 5. Bg2 c6 6. d4 e6 7. e4 d6 8. O-O Qb6
9. Na4 Qb4 10. b3 Nxe4 11. Ng5 Nc3 12. Nxc3 Qxc3 13. Bf4 Qxd4 14. Qxd4 Bxd4 15.
Rad1 e5 16. Ne4 c5 17. Bh6 1-0

[Event "AUTO-BEG-119"]
[Site "http://www.queenalice.com/game.php?id=310926"]
[Date "2007.11.27"]
[Round "2"]
[White "giancarlo"]
[Black "okajim"]
[Result "0-1"]
[WhiteElo "1704"]
[BlackElo "1473"]

1. e4 e6 2. d4 d5 3. Nc3 c5 4. exd5 exd5 5. dxc5 d4 6. Ne4 Nf6 7. Bg5 Qd5 8.
Nxf6+ gxf6 9. Qe2+ Be7 10. Bxf6 O-O 11. Qxe7 Qe6+ 12. Qxe6 fxe6 13. Bxd4 Nc6 14.
Be3 e5 15. Bc4+ Kh8 16. Nf3 Bg4 17. Be2 h5 18. h3 Bf5 19. Nh4 Bxc2 20. Bxh5 Nd4
0-1

[Event "AUTO-BEG-119"]
[Site "http://www.queenalice.com/game.php?id=310927"]
[Date "2007.11.27"]
[Round "2"]
[White "okajim"]
[Black "giancarlo"]
[Result "1-0"]
[WhiteElo "1512"]
[BlackElo "1679"]

1. e4 e5 2. Nf3 Nc6 3. Nc3 Nf6 4. d3 Bc5 5. Be3 Bb4 6. Qd2 O-O 7. Bg5 d6 8. a3
Bxc3 9. Qxc3 Bg4 10. Bxf6 Qxf6 11. Be2 Qe6 12. O-O f5 13. Ng5 Qg6 14. Qb3+ Kh8
15. Bxg4 fxg4 16. Ne6 Rf7 17. Qxb7 Rb8 18. Qxc6 Qxe6 19. b4 Rbf8 20. Qb7 1-0

[Event "AUTO-INT-532"]
[Site "http://www.queenalice.com/game.php?id=320435"]
[Date "2007.12.15"]
[Round "2"]
[White "lucasboth"]
[Black "giancarlo"]
[Result "1-0"]
[WhiteElo "2081"]
[BlackElo "1720"]

1. d4 Nf6 2. g3 g6 3. Nf3 Bg7 4. c4 d6 5. Bg2 O-O 6. O-O c6 7. Nc3 e6 8. e4 e5
9. dxe5 dxe5 10. Qxd8 Rxd8 11. Nxe5 Nxe4 12. Nxf7 Kxf7 13. Nxe4 Bf5 14. Bg5 Rd4
15. f3 Na6 16. g4 Be6 17. b3 1-0

[Event "AUTO-INT-532"]
[Site "http://www.queenalice.com/game.php?id=320436"]
[Date "2007.12.15"]
[Round "2"]
[White "giancarlo"]
[Black "lucasboth"]
[Result "0-1"]
[WhiteElo "1718"]
[BlackElo "2083"]

1. e4 e5 2. Bc4 Nf6 3. Nf3 Nc6 4. Ng5 d5 5. exd5 Na5 6. Bb5+ c6 7. dxc6 bxc6 8.
Ba4 Bg4 9. f3 Bf5 10. O-O Qd4+ 11. Kh1 Qxa4 12. Nc3 Qxc2 13. Qe2 Nd7 14. f4 Bd3
15. Qf3 Bxf1 16. Qxf1 Qf5 0-1

[Event "AUTO-INT-532"]
[Site "http://www.queenalice.com/game.php?id=320437"]
[Date "2007.12.15"]
[Round "2"]
[White "benilux"]
[Black "giancarlo"]
[Result "1-0"]
[WhiteElo "1659"]
[BlackElo "1634"]

1. e4 e5 2. Nf3 Nc6 3. Bc4 Bc5 4. O-O Nf6 5. d3 d6 6. c3 Na5 7. b4 Nxc4 8. bxc5
Na5 9. Nbd2 O-O 10. cxd6 Qxd6 11. Qa4 Nc6 12. Ba3 Qxd3 13. Bxf8 Kxf8 14. c4 Nxe4
15. Nxe4 Qxe4 16. Rae1 Qg6 17. Nxe5 Nxe5 18. Rxe5 Be6 19. Rfe1 a6 20. c5 c6 21.
g3 Rd8 22. Qa5 Rd7 23. h4 Qf6 24. R1e4 Qf3 25. Rf4 Rd1+ 26. Re1 1-0

[Event "AUTO-INT-532"]
[Site "http://www.queenalice.com/game.php?id=320438"]
[Date "2007.12.15"]
[Round "2"]
[White "giancarlo"]
[Black "benilux"]
[Result "0-1"]
[WhiteElo "1619"]
[BlackElo "1674"]

1. e4 c5 2. Nf3 d6 3. d4 Nd7 4. Be3 Qb6 5. Qc1 Ngf6 6. Nc3 e5 7. dxe5 Nxe5 8.
Nxe5 dxe5 9. b3 Qa5 10. Qd2 Qa3 11. Bg5 Be7 12. Nb5 Qb2 13. Rd1 Nxe4 14. Nc7+
Kf8 15. Bxe7+ Kxe7 16. Qe3 Qc3+ 17. Qxc3 Nxc3 18. Rd3 Bf5 19. Rxc3 Rac8 20. Nd5+
Ke6 21. Bc4 b5 22. Nc7+ Kf6 23. Nxb5 a5 24. Rf3 g6 0-1

[Event "Challenge"]
[Site "http://www.queenalice.com/game.php?id=400110"]
[Date "2008.5.8"]
[Round "-"]
[White "giancarlo"]
[Black "Tonyc"]
[Result "0-1"]
[WhiteElo "1594"]
[BlackElo "1944"]

1. e4 c5 2. c3 Nf6 3. d4 d6 4. dxc5 Nxe4 5. Qa4+ Nd7 6. Qxe4 Nxc5 7. Qf3 Bd7 8.
Bc4 e6 9. b4 Bc6 10. Qh3 Ne4 11. Nd2 Qf6 12. Nxe4 Bxe4 13. Ne2 a6 14. Nd4 d5 0-1